000 00756nas a2200253 4500
001 BR0403483
003 BR-BrBNA
005 20231205104707.0
007 ta
008 230509b bl.|||p| |||| 00| 00por d
040 _aBR-BrBNA
_bpor
_cBiblioteca Nacional de Agricultura
041 _a(Pt)
072 _aE71
100 1 _aAnon.
245 1 _aExclusividade nacional: bebida ganha denominação de origem e profissionaliza o setor
650 _aCACHAÇA
650 _aCONTROLE DE QUALIDADE
650 _aNORMALIZAÇÃO
650 _aEXPORTAÇÃO
650 _aMERCADO INTERNACIONAL
773 0 _tAgroanalysis (Brazil)
_xISSN 0100-4298
_g(Apr 2004), v. 24(4) p. 30
_wBR0403483
909 _a202311
_bLúcia
_c55
_dLúcia Elande
942 _2AGRIS
_n0
_cANA
999 _c179302
_d179302